[Event "?"]
[Site "?"]
[Date "2011.07.09"]
[Round "1.2"]
[White "Balinski, Damian"]
[Black "Luther, Thomas"]
[Result "1-0"]
[WhiteElo "2075"]
[BlackElo "2515"]
[Annotator "Albers,Andreas"]
[PlyCount "149"]
[EventDate "2011.??.??"]
[BlackTeam "SV Empor Erfurt"]

1. d4 d5 2. c4 e6 3. Nf3 Nf6 4. Nc3 Bb4 5. Bg5 Nbd7 6. e3 c5 7. cxd5 exd5 8.
Be2 Qa5 9. O-O Bxc3 10. bxc3 c4 11. Qc2 Ne4 12. Rac1 Nxg5 13. Nxg5 Nf6 14. e4
h6 15. Nf3 Nxe4 16. Bxc4 O-O 17. Bd3 Nf6 18. Rfe1 Be6 19. Ne5 Rac8 20. f4 Rc7
21. f5 Bd7 22. c4 dxc4 23. Bxc4 Bb5 24. Qf2 Bxc4 25. Nxc4 Qd5 26. Ne3 Qd7 27.
Rxc7 Qxc7 28. Qf3 Qc3 29. Rd1 Re8 30. Nf1 Qxf3 31. gxf3 Nd5 32. Kf2 Kf8 33. Rd2
Ke7 34. Ne3 Nxe3 35. Kxe3 Kd6+ 36. Kd3 f6 37. Rc2 b6 38. Rb2 Rd8 39. Rc2 Rb8
40. Re2 Rc8 41. Re6+ Kd7 42. Re2 Rc7 43. Rb2 Rb7 44. Re2 Rc7 45. Rb2 h5 46. Re2
Rb7 47. Kc4 Kd8 48. Rg2 Rd7 49. d5 Kc7 50. Re2 Kd8 51. Kd4 Kc7 52. Rc2+ Kd8 53.
Rc6 Rc7 54. Rd6+ Kc8 55. Re6 Rb7 (55... Kd7) 56. d6 b5 57. Kc5 b4 58. Re8+ Kd7
59. Re7+ Kc8 60. Rxb7 Kxb7 61. Kxb4 Kc6 62. Ka5 Kxd6 63. Ka6 Ke5 64. Kxa7 Kxf5
65. Kb6 Kf4 66. a4 Kxf3 67. a5 h4 68. a6 Kg2 69. a7 Kxh2 70. a8=Q Kg3 71. Qb8+
Kg4 72. Kc5 f5 73. Qh2 g5 74. Kd4 Kf3 75. Qh3+ 1-0

[Event "?"]
[Site "?"]
[Date "2011.07.09"]
[Round "1.4"]
[White "Hartkopf, Dr. Uwe"]
[Black "Jugelt, Tobias"]
[Result "0-1"]
[WhiteElo "2064"]
[BlackElo "2403"]
[PlyCount "56"]
[EventDate "2011.??.??"]
[WhiteTeam "SK Norderstedt von 1975"]
[BlackTeam "Delmenhorster SK V 1931"]

1. e4 Nf6 2. e5 Nd5 3. d4 d6 4. Nf3 g6 5. c4 Nb6 6. exd6 Qxd6 7. Be3 Qb4+ 8.
Bd2 Qd6 9. Be3 Qd8 10. h3 Bg7 11. Nc3 O-O 12. Be2 Nc6 13. Rc1 e5 14. d5 Ne7 15.
O-O Nf5 16. Bc5 Re8 17. Ne4 Nd7 18. Ba3 Nd4 19. Nxd4 exd4 20. Bd3 Ne5 21. Bb1
Bf5 22. Nc5 Bxb1 23. Rxb1 Nxc4 24. Nxb7 Qxd5 25. Qb3 Re5 26. Rfc1 Nxa3 27. bxa3
d3 28. Rxc7 Qxb3 0-1

[Event "?"]
[Site "?"]
[Date "2011.07.09"]
[Round "1.5"]
[White "Michna, Marta"]
[Black "Welsh, Michael"]
[Result "1-0"]
[WhiteElo "2397"]
[BlackElo "2061"]
[PlyCount "118"]
[EventDate "2011.??.??"]
[WhiteTeam "SK Norderstedt von 1975"]
[BlackTeam "FC ST.Pauli 1910 eV SAbt"]

1. Nf3 Nf6 2. d3 d5 3. Nbd2 Nc6 4. g3 e5 5. e4 dxe4 6. dxe4 Bc5 7. h3 O-O 8.
Bg2 Re8 9. O-O Be6 10. a4 a5 11. Kh2 h6 12. c3 Qd3 13. Ne1 Qa6 14. Bf3 Rad8 15.
Qe2 Qxe2 16. Bxe2 Re7 17. Kg2 Red7 18. Nef3 g5 19. Bb5 g4 20. hxg4 Nxg4 21. Nc4
Rd1 22. Bd2 Rxa1 23. Rxa1 Nxf2 24. Bxh6 f6 25. Re1 Kf7 26. Bc1 Rh8 27. Nh4 Ne7
28. Nxa5 Bh3+ 29. Kh2 Bc8 30. Nb3 Ba7 31. Nd2 Ng4+ 32. Kg2 Ne3+ 33. Kh2 Ng4+
34. Kg2 Ne3+ 35. Kh1 Bg4 36. Be2 Nc2 37. Bc4+ Kg7 38. Rf1 Ne3 39. Re1 Nxc4 40.
Nxc4 Ng6 41. Kg2 Nxh4+ 42. gxh4 Rxh4 43. Be3 Bxe3 44. Rxe3 Bd1 45. a5 Rf4 46.
b4 Kf7 47. Nd2 Ke7 48. b5 Rg4+ 49. Kf2 Rg8 50. Rh3 Rg7 51. Rh8 Kd6 52. Rd8+ Rd7
53. Nc4+ Ke7 54. Rb8 Bc2 55. Rxb7 Bxe4 56. a6 c5 57. Rb8 Bd3 58. Na5 Be4 59. b6
Kd6 1-0

[Event "?"]
[Site "?"]
[Date "2011.07.09"]
[Round "1.6"]
[White "Nugel, Karl-Heinz"]
[Black "Fries Nielsen, Jens-Ove"]
[Result "0-1"]
[WhiteElo "2057"]
[BlackElo "2394"]
[PlyCount "58"]
[EventDate "2011.??.??"]
[WhiteTeam "Hamburger SK von 1830 eV"]
[BlackTeam "Preetzer TSV"]

1. d4 g6 2. c4 Bg7 3. Nf3 e6 4. Nc3 Ne7 5. d5 d6 6. e4 Nd7 7. Be3 h6 8. Be2 a6
9. dxe6 fxe6 10. Nd4 Nf6 11. O-O c5 12. Nc2 Nc6 13. f4 e5 14. Nd5 O-O 15. Nxf6+
Rxf6 16. fxe5 Rxf1+ 17. Bxf1 Bxe5 18. g3 Qf6 19. Bxh6 Be6 20. Qd2 Bxb2 21. Rb1
Ne5 22. Qf2 Qxf2+ 23. Kxf2 Bc3 24. Bf4 b5 25. Rd1 Nf7 26. Kf3 g5 27. Be3 bxc4
28. Rb1 Ne5+ 29. Kg2 Bg4 0-1

[Event "?"]
[Site "?"]
[Date "2011.07.09"]
[Round "1.7"]
[White "Petrosyan, Suren"]
[Black "Kosovs, Ernst"]
[Result "1-0"]
[WhiteElo "2392"]
[BlackElo "2056"]
[PlyCount "82"]
[EventDate "2011.??.??"]
[WhiteTeam "SK Norderstedt von 1975"]
[BlackTeam "SK Bad Aibling"]

1. e4 Nf6 2. e5 Nd5 3. d4 d6 4. c4 Nb6 5. exd6 exd6 6. Nf3 Be7 7. h3 Nc6 8. Nc3
Bf5 9. Be3 h6 10. d5 Ne5 11. Nxe5 dxe5 12. c5 Nd7 13. b4 a5 14. d6 cxd6 15.
cxd6 Bg5 16. Nd5 O-O 17. Bxg5 Qxg5 18. h4 Qg4 19. Be2 Qe4 20. f3 Qc2 21. Qxc2
Bxc2 22. Rc1 Bh7 23. Bb5 Nf6 24. Nxf6+ gxf6 25. bxa5 Rfd8 26. d7 Bf5 27. Rc7
Rxa5 28. a4 b6 29. Ke2 Kf8 30. Rd1 Ke7 31. Rb7 Be6 32. Rxb6 Ra7 33. Rbd6 Bb3
34. f4 Bxd1+ 35. Rxd1 Ke6 36. Kf3 Rc7 37. Rd3 h5 38. g3 Rc5 39. Rb3 Rd5 40. a5
e4+ {und später} 41. Ke3 f5 1-0

[Event "?"]
[Site "?"]
[Date "2011.07.09"]
[Round "1.8"]
[White "Schiele, Lars"]
[Black "Hochgräfe, Dr. Markus"]
[Result "1/2-1/2"]
[WhiteElo "2052"]
[BlackElo "2356"]
[PlyCount "36"]
[EventDate "2011.??.??"]
[WhiteTeam "SK Weisse Dame Hamburg"]
[BlackTeam "SC Diogenes eV"]

1. e4 c6 2. Nc3 d5 3. d4 dxe4 4. Nxe4 Nd7 5. Nf3 Ngf6 6. Ng3 e6 7. Bd3 c5 8. c3
Be7 9. Qe2 O-O 10. Bg5 Qa5 11. dxc5 Nxc5 12. Bc2 Qa6 13. c4 Re8 14. O-O Qb6 15.
Rfe1 h6 16. Bd2 a5 17. Ne5 Kf8 18. Bc3 Ncd7 1/2-1/2

[Event "?"]
[Site "?"]
[Date "2011.07.09"]
[Round "1.11"]
[White "Lindinger, Markus"]
[Black "Buchholz, Robert"]
[Result "1-0"]
[WhiteElo "2332"]
[BlackElo "2048"]
[PlyCount "45"]
[EventDate "2011.??.??"]
[WhiteTeam "Hamburger SK von 1830 eV"]
[BlackTeam "Baubehörde"]

1. c4 Nf6 2. Nc3 c5 3. g3 Nc6 4. Bg2 g6 5. e3 Bg7 6. Nge2 O-O 7. O-O d6 8. d4
Bd7 9. b3 Qc8 10. Re1 Rb8 11. Bb2 a6 12. Nd5 b5 13. Nxf6+ Bxf6 14. Rc1 b4 15.
Qd2 cxd4 16. exd4 e6 17. Nf4 Ne7 18. d5 Bxb2 19. Qxb2 e5 20. c5 dxc5 21. Qxe5
Nf5 22. d6 Rb6 23. Nd5 1-0

[Event "?"]
[Site "?"]
[Date "2011.07.09"]
[Round "1.12"]
[White "Dinckel, Joerg"]
[Black "Zimmermann, Julian"]
[Result "1-0"]
[WhiteElo "2045"]
[BlackElo "2331"]
[PlyCount "77"]
[EventDate "2011.??.??"]
[WhiteTeam "FC ST.Pauli 1910 eV SAbt"]
[BlackTeam "Koenigsspr.SC.1984 e.V."]

1. d4 Nf6 2. c4 c5 3. d5 e6 4. Nc3 exd5 5. cxd5 d6 6. Nf3 a6 7. a4 g6 8. e4 Bg4
9. Be2 Bg7 10. Nd2 Bxe2 11. Qxe2 O-O 12. O-O Re8 13. f3 Nbd7 14. Nc4 Nb6 15.
Bg5 h6 16. Bh4 Rc8 17. a5 Nxc4 18. Qxc4 g5 19. Bf2 Nd7 20. g3 Ne5 21. Qe2 c4
22. Bb6 Qe7 23. Rad1 Nd3 24. Rxd3 cxd3 25. Qxd3 Qd7 26. f4 gxf4 27. Rxf4 Be5
28. Rf5 Bxc3 29. bxc3 Qb5 30. Qe3 Qb1+ 31. Rf1 Qxe4 32. Qxh6 Qg6 33. Qh3 Rxc3
34. Bd4 Rxg3+ 35. Qxg3 Re4 36. Qxg6+ fxg6 37. Rd1 Re2 38. Bc3 Rc2 39. Bb4 1-0

[Event "?"]
[Site "?"]
[Date "2011.07.09"]
[Round "1.14"]
[White "Schulz, Hans-Juergen"]
[Black "Stigar, Petter"]
[Result "0-1"]
[WhiteElo "2040"]
[BlackElo "2298"]
[PlyCount "98"]
[EventDate "2011.??.??"]
[WhiteTeam "Hamburger SK von 1830 eV"]

1. e4 c5 2. b4 cxb4 3. Bb2 d6 4. d4 Nf6 5. Bd3 g6 6. e5 Nd5 7. Qf3 dxe5 8. dxe5
Bg7 9. Qg3 Nc6 10. Nf3 Be6 11. O-O Qc7 12. Re1 O-O-O 13. a3 h6 14. axb4 Ndxb4
15. Ra3 Nxd3 16. cxd3 Rd5 17. d4 Rhd8 18. Nc3 Ra5 19. Na4 Bd5 20. Rc1 e6 21.
Rc5 Bf8 22. Rxa5 Qxa5 23. Ra1 Qc7 24. Rc1 Kb8 25. h3 Qd7 26. Nc5 Bxc5 27. dxc5
Bxf3 28. Qxf3 Qd2 29. Qb3 Qb4 30. Qxb4 Nxb4 31. Rc4 Nd3 32. Bd4 Rd5 33. Be3
Nxe5 34. Bf4 g5 35. Bg3 Kc8 36. Ra4 Nc6 37. Bd6 b6 38. cxb6 axb6 39. Bf8 b5 40.
Ra3 h5 41. Kf1 Kb7 42. Ke2 b4 43. Ra2 Kb6 44. Ke3 Kb5 45. f4 gxf4+ 46. Kxf4 b3
47. Rb2 Kc4 48. Ba3 Ra5 49. Bf8 Ra2 0-1

[Event "?"]
[Site "?"]
[Date "2011.07.09"]
[Round "1.15"]
[White "Nedic, Dusan"]
[Black "Kemény, Matthias"]
[Result "1-0"]
[WhiteElo "2268"]
[BlackElo "2038"]
[PlyCount "65"]
[EventDate "2011.??.??"]
[WhiteTeam "SV Eidelstedt"]
[BlackTeam "SG Glinde"]

1. d4 Nf6 2. Nf3 g6 3. c4 Bg7 4. g3 O-O 5. Bg2 d5 6. cxd5 Nxd5 7. O-O c6 8. e4
Nb6 9. h3 N8d7 10. a4 a5 11. Nc3 e5 12. Bg5 Bf6 13. Bxf6 Qxf6 14. d5 cxd5 15.
exd5 Nc5 16. Qe2 Nbd7 17. Rfe1 Re8 18. Nd2 b6 19. Nde4 Qd8 20. Rad1 Ba6 21. Qe3
Rb8 22. d6 Nxe4 23. Bxe4 Nc5 24. d7 Re7 25. Bc6 Bb7 26. Bb5 Qc7 27. Qg5 Qd8 28.
Rxe5 Rxe5 29. Qxe5 Ne6 30. Bc4 Nc7 31. Qf4 Bc6 32. Qxf7+ Kh8 33. Qf4 1-0

[Event "?"]
[Site "?"]
[Date "2011.07.09"]
[Round "1.16"]
[White "Kügel, Tobias"]
[Black "Zacharias, Christian"]
[Result "1/2-1/2"]
[WhiteElo "2038"]
[BlackElo "2256"]
[PlyCount "56"]
[EventDate "2011.??.??"]
[WhiteTeam "Delmenhorster SK V 1931"]
[BlackTeam "SV Diag.Harburg 1926 eV"]

1. e4 c5 2. Nf3 d6 3. Bb5+ Nd7 4. d4 Ngf6 5. e5 Qa5+ 6. Nc3 Ne4 7. Bd2 Nxc3 8.
Bxd7+ Bxd7 9. Bxc3 Qa6 10. exd6 Qxd6 11. O-O f6 12. dxc5 Qxc5 13. Bd4 Qc6 14.
Qe2 e6 15. c4 Bc5 16. Rfd1 Rd8 17. Bxc5 Qxc5 18. Rd5 Qe7 19. Rd2 Kf7 20. Rad1
Bc8 21. h3 Rhe8 22. Qe4 Kg8 23. Nd4 Rd7 24. Nb5 Rxd2 25. Rxd2 a6 26. Nd6 Rd8
27. Nxc8 Rxc8 28. b3 Rc7 1/2-1/2

[Event "?"]
[Site "?"]
[Date "2011.07.09"]
[Round "1.17"]
[White "Stelting, Thorsten"]
[Black "Schöngart, Ralf"]
[Result "1-0"]
[WhiteElo "2252"]
[BlackElo "2035"]
[PlyCount "79"]
[EventDate "2011.??.??"]
[WhiteTeam "FC ST.Pauli 1910 eV SAbt"]
[BlackTeam "SF Buxtehude"]

1. e4 c6 2. d4 d5 3. exd5 cxd5 4. c4 Nf6 5. Nc3 e6 6. Bg5 Be7 7. Nf3 Nc6 8. Bd3
h6 9. Bf4 O-O 10. O-O a6 11. a3 dxc4 12. Bxc4 b5 13. Bb3 Bb7 14. Bc2 b4 15. Na4
Rc8 16. Nc5 Bxc5 17. dxc5 Qxd1 18. Rfxd1 bxa3 19. bxa3 Rfd8 20. Rab1 Rxd1+ 21.
Bxd1 Nd8 22. Rc1 Bd5 23. Be2 Ne4 24. Be3 a5 25. Ne5 Nc6 26. Nd7 Rc7 27. Nb6 Nf6
28. h3 e5 29. f4 exf4 30. Bxf4 Nd4 31. Bf1 Rc6 32. Be5 Nb3 33. Rd1 Be4 34. Rd8+
Kh7 35. Rd6 Rxc5 36. Bxf6 gxf6 37. Nd7 Re5 38. Bc4 Nc1 39. Nxe5 fxe5 40. Rd1
1-0

[Event "?"]
[Site "?"]
[Date "2011.07.09"]
[Round "1.18"]
[White "Sabel, Reinhard"]
[Black "Schroeder, Christoph"]
[Result "1/2-1/2"]
[WhiteElo "2034"]
[BlackElo "2247"]
[PlyCount "54"]
[EventDate "2011.??.??"]
[WhiteTeam "Sfr.Mainz 1928"]
[BlackTeam "SK Johanneum Eppendorf"]

1. d4 d5 2. c4 e6 3. Nc3 c5 4. cxd5 cxd4 5. Qxd4 Nc6 6. Qa4 exd5 7. Nf3 d4 8.
Nb5 Bb4+ 9. Bd2 Bxd2+ 10. Nxd2 Nf6 11. Qa3 Qe7 12. Qxe7+ Kxe7 13. Nf3 Rd8 14.
Rd1 Be6 15. Nfxd4 Nxd4 16. Nxd4 Bxa2 17. b3 a5 18. e3 Nd5 19. Bd3 a4 20. bxa4
Rxa4 21. O-O g6 22. Rd2 Bc4 23. Bxc4 Rxc4 24. Rb2 Rd7 25. g3 Rdc7 26. Kg2 Rb4
27. Rfb1 Rxb2 1/2-1/2

[Event "?"]
[Site "?"]
[Date "2011.07.09"]
[Round "1.19"]
[White "Colpe, Malte"]
[Black "Schirmer, Werner"]
[Result "1/2-1/2"]
[WhiteElo "2247"]
[BlackElo "2033"]
[PlyCount "85"]
[EventDate "2011.??.??"]
[WhiteTeam "Hamburger SK von 1830 eV"]
[BlackTeam "Hamburger SK von 1830 eV"]

1. e4 c5 2. Nf3 Nc6 3. d4 cxd4 4. Nxd4 g6 5. c4 Nf6 6. Nc3 Nxd4 7. Qxd4 d6 8.
Be3 Bg7 9. f3 O-O 10. Qd2 Qa5 11. Be2 a6 12. O-O Be6 13. Rac1 Rfc8 14. b3 b5
15. Nd5 Qxd2 16. Bxd2 Bxd5 17. exd5 bxc4 18. Bxc4 Nd7 19. Be3 Bb2 20. Rce1 Kg7
21. f4 f5 22. Bf2 Bf6 23. h3 Nc5 24. g4 Ne4 25. g5 Bc3 26. Re2 Kf7 27. Rd1 Bb4
28. Rd3 Nxf2 29. Kxf2 Bc5+ 30. Kg3 h6 31. h4 h5 32. Kg2 Rc7 33. Kf1 Ba3 34. Ke1
Raa7 35. Kd1 Rc5 36. Kc2 a5 37. Kc3 Rac7 38. Rd4 Rb7 39. Rd1 Rbc7 40. Kd4 Ra7
41. Rc2 Rac7 42. Rdd2 Kf8 43. Re2 1/2-1/2

[Event "?"]
[Site "?"]
[Date "2011.07.09"]
[Round "1.20"]
[White "Kohtz, Andreas"]
[Black "Henrich, Holger"]
[Result "0-1"]
[WhiteElo "2030"]
[BlackElo "2242"]
[PlyCount "108"]
[EventDate "2011.??.??"]
[WhiteTeam "SC Zugzwang 95 e.V."]
[BlackTeam "SK Union Eimsbuettel eV"]

1. d4 d6 2. Nf3 g6 3. Bf4 Bg7 4. e3 f5 5. c4 Nf6 6. Nc3 e6 7. Bd3 O-O 8. h3 Bd7
9. O-O h6 10. Bh2 Bc6 11. d5 Bd7 12. dxe6 Bxe6 13. Nd4 Bf7 14. Rc1 Nbd7 15. e4
fxe4 16. Nxe4 Nxe4 17. Bxe4 Qh4 18. Re1 Nc5 19. Nf3 Qf6 20. b3 Nxe4 21. Rxe4
Rae8 22. Rxe8 Rxe8 23. c5 dxc5 24. Bxc7 b6 25. Rc2 Qc6 26. Qd6 Qxd6 27. Bxd6
Bd5 28. Kf1 Be4 29. Rc1 Bb2 30. Rd1 Bxf3 31. gxf3 Rd8 32. Rb1 Bg7 33. Bf4 Rf8
34. Bg3 Rxf3 35. Rd1 Bd4 36. Kg2 Rf6 37. b4 Kf7 38. bxc5 bxc5 39. f3 Ra6 40.
Rd2 Ke6 41. Bf4 h5 42. Kg3 Ra4 43. Bb8 Be5+ 44. Bxe5 Kxe5 45. f4+ Rxf4 46. Rd7
h4+ 47. Kg2 Ra4 48. Kf3 Rxa2 49. Kg4 Ra4+ 50. Kg5 a5 51. Kxg6 c4 52. Kg5 c3 53.
Rc7 Kd4 54. Kxh4 c2 0-1

[Event "?"]
[Site "?"]
[Date "2011.07.09"]
[Round "1.21"]
[White "Gottuk, Stefan"]
[Black "Lindschau, Eggert"]
[Result "1-0"]
[WhiteElo "2229"]
[BlackElo "2026"]
[PlyCount "59"]
[EventDate "2011.??.??"]
[WhiteTeam "SC Diogenes eV"]
[BlackTeam "Niendorfer TSV 1919 SAbt"]

1. e4 c5 2. c3 e6 3. d4 d5 4. e5 Nc6 5. Nf3 Qb6 6. a3 Bd7 7. b4 c4 8. a4 f6 9.
g3 fxe5 10. dxe5 Nge7 11. Na3 Ng6 12. Qe2 Be7 13. Bh3 O-O 14. O-O a6 15. Nc2
Qc7 16. Nfd4 Qxe5 17. Qxe5 Ncxe5 18. f4 Nd3 19. Bxe6+ Bxe6 20. Nxe6 Rf7 21. Be3
Bd6 22. Bd4 Re8 23. f5 Nge5 24. Ne3 g6 25. Ng5 Rff8 26. Ne6 Rf7 27. Ng5 Rff8
28. fxg6 hxg6 29. Nxd5 Re7 30. Nxe7+ 1-0

[Event "?"]
[Site "?"]
[Date "2011.07.09"]
[Round "1.22"]
[White "Obreht, Slobodan"]
[Black "Michna, Christian"]
[Result "0-1"]
[WhiteElo "2025"]
[BlackElo "2222"]
[PlyCount "80"]
[EventDate "2011.??.??"]
[WhiteTeam "SchVgg Blankenese von 1923"]
[BlackTeam "SK Norderstedt von 1975"]

1. d4 g6 2. c3 Bg7 3. Nf3 d6 4. Bg5 Nf6 5. e3 h6 6. Bxf6 Bxf6 7. Qb3 b6 8. Bb5+
c6 9. Bc4 O-O 10. Bd3 Bg7 11. Nbd2 e6 12. O-O Qe7 13. a4 Nd7 14. a5 b5 15. Qb4
a6 16. Rfd1 Bb7 17. Ne4 c5 18. Qa3 Rab8 19. Rd2 b4 20. Qa4 c4 21. Bb1 Bxe4 22.
Bxe4 d5 23. Bb1 f5 24. cxb4 Rxb4 25. Qa3 Rfb8 26. Ba2 Bf8 27. Qc3 Qd8 28. Bb1
Rb3 29. Qc1 Bb4 30. Re2 Bxa5 31. h4 c3 32. Ra2 Qb6 33. e4 dxe4 34. Ne5 Nxe5 35.
dxe5 Kg7 36. g4 Qb5 37. Qd1 Rd8 38. Qc2 Bc7 39. Kg2 Qxe5 40. Kf1 Qh2 0-1

[Event "?"]
[Site "?"]
[Date "2011.07.09"]
[Round "1.25"]
[White "Wronn, Bernd"]
[Black "Wenzel, Birger"]
[Result "1/2-1/2"]
[WhiteElo "2196"]
[BlackElo "2019"]
[PlyCount "47"]
[EventDate "2011.??.??"]
[WhiteTeam "FC ST.Pauli 1910 eV SAbt"]
[BlackTeam "SK Johanneum Eppendorf"]

1. Nf3 Nf6 2. c4 c5 3. d4 cxd4 4. Nxd4 e6 5. Nc3 Bb4 6. Bd2 Nc6 7. Nc2 Bc5 8.
e3 d5 9. cxd5 exd5 10. Rc1 O-O 11. Be2 d4 12. Nxd4 Nxd4 13. exd4 Qxd4 14. O-O
a6 15. Bf3 Bg4 16. Ne2 Qd6 17. Bf4 Qxd1 18. Rfxd1 Bxf3 19. gxf3 Rac8 20. Ng3
Rfe8 21. Nf5 Bf8 22. Bg5 Rxc1 23. Rxc1 Nd5 24. Ng3 1/2-1/2

[Event "?"]
[Site "?"]
[Date "2011.07.09"]
[Round "1.28"]
[White "Leube, Oliver"]
[Black "Wobbe, Sven"]
[Result "0-1"]
[WhiteElo "1974"]
[BlackElo "2180"]
[PlyCount "42"]
[EventDate "2011.??.??"]
[WhiteTeam "Hamburger SK von 1830 eV"]
[BlackTeam "SG Glinde"]

1. d4 c5 2. d5 d6 3. e4 g6 4. Bd3 Bg7 5. c3 Nf6 6. h3 O-O 7. f4 e6 8. dxe6 fxe6
9. Be3 Nc6 10. Nf3 Nh5 11. Qd2 e5 12. fxe5 Nxe5 13. Nxe5 Bxe5 14. Bg5 Qe8 15.
Bh4 Ng3 16. Rg1 Bf4 17. Bc4+ Be6 18. Qd3 Nxe4 19. Kd1 Qa4+ 20. b3 Bxc4 21. Qxe4
Bxb3+ 0-1

[Event "?"]
[Site "?"]
[Date "2011.07.09"]
[Round "1.29"]
[White "Zart, Ruediger"]
[Black "Nixdorf, André"]
[Result "1-0"]
[WhiteElo "2179"]
[BlackElo "1974"]
[PlyCount "51"]
[EventDate "2011.??.??"]
[WhiteTeam "SK Johanneum Eppendorf"]
[BlackTeam "SK Norderstedt von 1975"]

1. e4 c5 2. Nf3 d6 3. d4 cxd4 4. Nxd4 Nf6 5. Nc3 a6 6. Be3 e5 7. Nb3 Be6 8. f3
Be7 9. Qd2 Nbd7 10. O-O-O O-O 11. g4 b5 12. Kb1 b4 13. Na4 a5 14. Bb5 Qc7 15.
g5 Ne8 16. Bxd7 Bxd7 17. Nb6 Ra6 18. Nxd7 Qxd7 19. Nc5 Qb5 20. Nxa6 Qxa6 21.
Qd3 Qb7 22. h4 Nc7 23. h5 Nb5 24. Qd5 Qb8 25. g6 hxg6 26. hxg6 1-0

[Event "?"]
[Site "?"]
[Date "2011.07.09"]
[Round "1.30"]
[White "Von Malottki, Robin"]
[Black "Engelbert, Christoph"]
[Result "0-1"]
[WhiteElo "1972"]
[BlackElo "2174"]
[PlyCount "116"]
[EventDate "2011.??.??"]
[WhiteTeam "SK Caissa Rahlstedt von 1965"]
[BlackTeam "Hamburger SK von 1830 eV"]

1. e4 g6 2. Nc3 Bg7 3. f4 d6 4. Nf3 Nc6 5. Bb5 Nf6 6. O-O O-O 7. Qe2 Bg4 8.
Bxc6 bxc6 9. h3 Bc8 10. d3 Rb8 11. Nd1 Ba6 12. c4 d5 13. Bd2 dxe4 14. dxe4 Nh5
15. Kh2 Bxb2 16. Nxb2 Rxb2 17. Qe3 e5 18. Qc3 Rxd2 19. Nxd2 exf4 20. Rad1 Qe7
21. Qa5 Bc8 22. Qxa7 Qh4 23. Rf3 g5 24. Qf2 Ng3 25. Nf1 Bg4 26. Rxf4 gxf4 27.
Qxf4 Nh5 28. Qxg4+ Qxg4 29. hxg4 Nf6 30. Ng3 Nxg4+ 31. Kg1 Ne5 32. c5 Ra8 33.
Nf5 f6 34. Rd2 Kf7 35. Kf2 Ra4 36. Re2 Ra3 37. Rc2 Nd3+ 38. Ke2 Nf4+ 39. Kd1
Ne6 40. Kc1 Ra4 41. Ng3 Nd4 42. Rd2 Ke6 43. Kb2 Rc4 44. Nh5 Nb5 45. Rf2 Rxe4
46. Nxf6 Rh4 47. Ne8 Kd5 48. Rf5+ Kc4 49. a4 Nd4 50. Rg5 Re4 51. Nxc7 Re2+ 52.
Kc1 Ra2 53. Na8 Nb3+ 54. Kb1 Rf2 55. Nb6+ Kc3 56. Rg3+ Kb4 57. Nd7 Ka3 58. a5
Rb2# 0-1

[Event "?"]
[Site "?"]
[Date "2011.07.09"]
[Round "1.31"]
[White "Schmidt-Brauns, Dr. Joachim"]
[Black "Klein, Raimund"]
[Result "1-0"]
[WhiteElo "2174"]
[BlackElo "1968"]
[PlyCount "87"]
[EventDate "2011.??.??"]
[WhiteTeam "SC Wolfsburg"]
[BlackTeam "Hamburger SK von 1830 eV"]

1. Nf3 Nf6 2. g3 g6 3. Bg2 Bg7 4. O-O O-O 5. d4 d6 6. c4 Nc6 7. Nc3 a6 8. d5
Na5 9. Qd3 c5 10. e4 Bg4 11. Nd2 Qd7 12. Re1 Rab8 13. Qf1 Qc8 14. a4 Bh6 15.
Ra3 e5 16. dxe6 Bxe6 17. Nd5 Bxd5 18. exd5 Qc7 19. Ne4 Bg7 20. Rae3 b5 21. axb5
axb5 22. cxb5 Nxd5 23. Rd3 Nb4 24. Rxd6 c4 25. Bf4 Qc8 26. Nf6+ Bxf6 27. Rxf6
Rxb5 28. Bh6 Qd8 29. Bxf8 Kxf8 30. Rf4 Nd3 31. Rd1 Qb6 32. Rxd3 cxd3 33. Qxd3
Rxb2 34. Bd5 f5 35. Qc3 Rb1+ 36. Kg2 Qb5 37. Qf6+ Ke8 38. Bf7+ Kd7 39. Rd4+ Kc7
40. Qd8+ Kb7 41. Rd7+ Ka6 42. Qa8+ Kb6 43. Qa7+ Kc6 44. Qc7# 1-0

[Event "?"]
[Site "?"]
[Date "2011.07.09"]
[Round "1.32"]
[White "Hinrichs, Jan"]
[Black "Wittenberg, Andreas"]
[Result "0-1"]
[WhiteElo "1947"]
[BlackElo "2166"]
[PlyCount "98"]
[EventDate "2011.??.??"]
[WhiteTeam "Hamburger SK von 1830 eV"]
[BlackTeam "Schachverein Mülheim-Nord 1931 e"]

1. d4 e6 2. c4 Bb4+ 3. Nd2 Nf6 4. Ngf3 O-O 5. g3 d5 6. Bg2 dxc4 7. Qc2 a6 8.
Qxc4 Qe7 9. a3 Ba5 10. Ne5 Nbd7 11. O-O Nxe5 12. dxe5 Nd7 13. b4 Bb6 14. Bb2 c5
15. Kh1 Bc7 16. f4 b5 17. Qc2 Rb8 18. bxc5 Nxc5 19. Rac1 Bb6 20. Ne4 Nxe4 21.
Bxe4 Bb7 22. Bxb7 Qxb7+ 23. Qc6 Be3 24. Qxb7 Rxb7 25. Rc6 a5 26. Rf3 Ba7 27.
Rb3 a4 28. Rd3 Rbb8 29. Bc3 Rfc8 30. Rxc8+ Rxc8 31. Bb4 h5 32. Kg2 Rc7 33. Kf3
Kh7 34. Rc3 Rxc3+ 35. Bxc3 Bc5 36. Bb2 Kg8 37. e4 Kf8 38. f5 g6 39. g4 hxg4+
40. Kxg4 Kg7 41. h3 b4 42. axb4 Bxb4 43. h4 a3 44. Ba1 Bd2 45. Bd4 Bc1 46. Bc5
Bb2 47. Bxa3 Bxa3 48. h5 gxh5+ 49. Kxh5 Bb2 0-1

[Event "?"]
[Site "?"]
[Date "2011.07.09"]
[Round "1.33"]
[White "Jacoby, Gisbert"]
[Black "Sturm, Timo"]
[Result "1-0"]
[WhiteElo "2164"]
[BlackElo "1942"]
[PlyCount "117"]
[EventDate "2011.??.??"]
[WhiteTeam "SV Eidelstedt"]
[BlackTeam "TSV Germania Cadenberge"]

1. d4 Nf6 2. Nf3 e6 3. e3 c5 4. Bd3 Be7 5. O-O O-O 6. b3 cxd4 7. exd4 d5 8. Bb2
Nc6 9. c4 b6 10. Nc3 Nb4 11. Bb1 Ba6 12. Ne5 dxc4 13. bxc4 Rc8 14. Nb5 Rxc4 15.
Nxc4 Bxb5 16. Qb3 Qd5 17. Rc1 Rc8 18. Ne3 Rxc1+ 19. Bxc1 Qxd4 20. Bb2 Qd2 21.
Bc3 Qc1+ 22. Nd1 Bc4 23. Bxh7+ Kxh7 24. Rxc1 Bxb3 25. axb3 Kg6 26. Bd4 Nfd5 27.
Nb2 Bg5 28. Rc8 Ne7 29. Ra8 Nec6 30. Bc3 Nd5 31. Be1 a5 32. Nc4 Nd4 33. Rb8 Nc6
34. Rb7 Nd8 35. Rd7 Bf6 36. Nd6 Nf4 37. Kf1 Nd5 38. Ne4 Nc6 39. Nxf6 Kxf6 40.
f3 Ne5 41. Rb7 Nd3 42. Bf2 Nxf2 43. Kxf2 g5 44. g3 Kg6 45. Ke2 f6 46. Kd3 Kf5
47. Kd4 g4 48. f4 Kg6 49. Rb8 Kf5 50. Rb7 Kg6 51. Rd7 Kf5 52. Rd6 b5 53. Ra6
Nb4 54. Ra8 a4 55. bxa4 bxa4 56. Rxa4 Nc2+ 57. Kd3 Ne1+ 58. Ke3 Nc2+ 59. Kd2
1-0

[Event "?"]
[Site "?"]
[Date "2011.07.09"]
[Round "1.34"]
[White "Klügel, Jan"]
[Black "Meertens, Martin"]
[Result "0-1"]
[WhiteElo "1942"]
[BlackElo "2158"]
[PlyCount "60"]
[EventDate "2011.??.??"]
[WhiteTeam "SV VHS Rendsburg"]
[BlackTeam "Klub Kölner Schachfreunde e.V. 1"]

1. d4 Nf6 2. Nf3 g6 3. e3 Bg7 4. b4 d6 5. Bb2 O-O 6. c4 c6 7. Nc3 Nbd7 8. Be2
e5 9. Qc2 Re8 10. O-O Nf8 11. Rfd1 Qe7 12. c5 e4 13. Nd2 d5 14. b5 {(=)} g5 15.
Rab1 Ng6 16. Nb3 Nh4 17. Na5 Qc7 18. Nb3 Bg4 19. Na4 cxb5 20. Bxb5 Bxd1 21.
Qxd1 Re6 22. Bc3 h5 23. Be2 b5 24. Bxb5 Ng4 25. g3 Nf3+ 26. Kg2 Nfxh2 27. Ba5
Qb7 28. Be2 Rf6 29. Bxg4 Nxg4 30. Rb2 Rxf2+ 0-1

[Event "?"]
[Site "?"]
[Date "2011.07.09"]
[Round "1.36"]
[White "Ristic, Sreten"]
[Black "Rossen, Claus"]
[Result "0-1"]
[WhiteElo "1934"]
[BlackElo "2144"]
[PlyCount "68"]
[EventDate "2011.??.??"]
[WhiteTeam "Hamburger SK von 1830 eV"]

1. c4 Nf6 2. Nc3 g6 3. Nf3 Bg7 4. Rb1 O-O 5. e3 d5 6. cxd5 Nxd5 7. d4 c5 8. e4
Nxc3 9. bxc3 Nc6 10. Be3 Qa5 11. Qd2 cxd4 12. cxd4 Qxd2+ 13. Kxd2 Rd8 14. d5 e6
15. Bc4 Na5 16. Rhc1 Nxc4+ 17. Rxc4 exd5 18. exd5 Be6 19. Ke2 Bxd5 20. Ra4 b5
21. Rf4 Bc4+ 22. Rxc4 bxc4 23. Rb7 Rab8 24. Rxb8 Rxb8 25. Bxa7 Rb2+ 26. Kd1
Rxa2 27. Be3 c3 28. Ne1 Bd4 29. Bxd4 Rd2+ 30. Kc1 Rxd4 31. Nf3 Ra4 32. Kc2 Ra2+
33. Kxc3 Rxf2 34. Ne1 Re2 0-1

[Event "?"]
[Site "?"]
[Date "2011.07.09"]
[Round "1.37"]
[White "Hein, Ralf"]
[Black "Bohn, Christoph"]
[Result "1-0"]
[WhiteElo "2144"]
[BlackElo "1928"]
[PlyCount "81"]
[EventDate "2011.??.??"]
[WhiteTeam "SC Diogenes eV"]
[BlackTeam "Hamburger SK von 1830 eV"]

1. e4 e5 2. Nf3 Nc6 3. Bc4 Bc5 4. c3 Nf6 5. d3 h6 6. b4 Bb6 7. b5 Ne7 8. Nxe5
d5 9. exd5 Nexd5 10. Ba3 Be6 11. O-O Nd7 12. Qe2 Nxe5 13. Qxe5 Qf6 14. Qxf6
gxf6 15. Bxd5 Bxd5 16. Nd2 O-O-O 17. Be7 Rhg8 18. g3 Rd7 19. Bxf6 Rg6 20. Be5
h5 21. d4 h4 22. Rfe1 f5 23. Bf4 hxg3 24. Re8+ Rd8 25. Rxd8+ Kxd8 26. fxg3 Ba5
27. Rc1 c5 28. dxc5 Bxa2 29. Ra1 Bxc3 30. Rxa2 Bd4+ 31. Kg2 Bxc5 32. Nc4 Re6
33. Rd2+ Ke7 34. Bg5+ Kf7 35. Rd7+ Kg6 36. h4 Re2+ 37. Kf1 Re4 38. Nd2 Rb4 39.
Rxb7 Bb6 40. Ke2 Rb2 41. Be3 1-0